000 00249nam a2200121Ia 4500
008 230312s9999||||xx |||||||||||||| ||und||
082 _a949
_bHIS
245 0 _aHistory of Spain
300 _a429
546 _aEng.
650 _aLiterature
942 _cBK
999 _c206
_d206